00379nam a2200157 a 450000100080000000500110000800800410001902000220006010000160008224500230009826000310012130000110015265000160016365300270017970000150020610269412026-02-02 2022 bl uuuu 00u1 u #d a978-65-5625-278-01 aANDRADE, D. aVida em sintropia. aSao Paulo : Labradorc2022 a256 p. aAgricultura aAgricultura Sintropica1 aPASINI, F.